000 00638nam a2200229Ia 4500
003 OSt
005 20221005120718.0
006 a|||||r|||| 00| 0
007 ta
008 221004b |||||||| |||| 00| 0 eng d
024 _a66329
037 _cTextual
040 _aCRL
_cCRL
_beng
041 _2eng
_aeng
082 _aV58:21xM70z7, K9
100 _aMitrokhin L. V.
_9441151
245 0 _aEverest among ment notes about early Indian literature on Lenin ed by Girija Kumar Sinha
260 _c1969
650 _aHISTORY
942 _hV58:21xM70z7, K9
_cTEXL
_2cc
999 _c1038912
_d1038912